000 00825nam a2200193 4500
001 122355
003 ES-MaACL
005 20230906191947.0
007 t|
008 070214s1952 sp r ||||1| spa d
100 1 _aPrieto y Llovera, Patricio.
_993951
245 1 0 _aCampaña de Julio César ante Lérida
_b: (conmemoración bimilenaria) /
_cpor Patricio Prieto y Llovera.
260 _aLérida :
_bLa Editora Leridana,
_c1952.
300 _a40 p. :
_bil. ;
_c24 cm.
500 _aPrecede al tít.: Instituto de Estudios Ilerdenses de la Excma. Diputación Provincial de Lérida. Patronato José Mª Quadrado [sic] del Consejo Superior de Investigaciones Científicas.
710 2 _aInstituto de Estudios Ilerdenses.
_94911
710 2 _aPatronato José María Quadrado.
_96183
852 _aES-MaACL
_j1962-F-5
_bR.35408
999 _c122355
_d122355